000 00313nam a22001337a 4500
020 _a817826358-0
082 _a823
_bMIL/P
100 _aMILTON
245 _aPARADISE LOST
_bSTORY OF ADAM AND EVE
260 _aDELHI
_bROHAN BOOK COMPANY
_c2003
300 _a219
650 _aMODERN ILLUSTRATED CLASSICS
942 _cBK
999 _c426
_d426